000 00733nam a2200289Ia 4500
005 20260324123837.0
008 008 260324s9999 xx 000 0 eng d
020 _a9780203836026
037 _aEBOOK
040 _aCRL
040 _beng
040 _cCRL
041 _2eng
041 _aeng
084 _qCRL
100 _aManuel Bello; Eugene F. Provenzo, Jr.; Annis N. Shaver
_91171868
245 4 _aThe Textbook as Discourse
245 0 _bSociocultural Dimensions of American Schoolbooks
260 _bTaylor and Francis
260 _c2011
365 _a
365 _b290
856 _uhttp://www.taylorfrancis.com/books/9780203836026
942 _cEBOOK
999 _c1765729
_d1765729